LEADER 05248nam1 22006613i 450 001 PUV0952809 005 20251003044316.0 010 $a8834835123 100 $a20100617d2003 ||||0itac50 ba 101 | $aita 102 $ait 181 1$6z01$ai $bxxxe 182 1$6z01$an 200 1 $aBiotecnologie e tutela del valore ambientale$eatti del Convegno svoltosi sul Belvedere di San Leucio (Caserta) nei giorni 6 e 7 giugno 2002, organizzato dalla Facoltà di giurisprudenza in collaborazione con la Facoltà di scienze ambientali della Seconda Università degli studi di Napoli$fa cura di Lorenzo Chieffi 210 $aTorino$cG. Giappichelli$d[2003] 215 $a257 p.$d24 cm 225 | $aMateriali e studi di diritto pubblico$v7 300 $aIn testa al front.: Seconda Università degli studi di Napoli, Dipartimento di discipline giuspubblicistiche italiane, europee e comparate, Jean Monnet project-European module. 410 0$1001URB0275630$12001 $aMateriali e studi di diritto pubblico$v7 464 1$1001LO11223321$12001 $aBiotecnologie e valori costituzionali$fLorenzo Chieffi$1700 1$aChieffi$b, Lorenzo$f <1955- >$3CFIV103462$4070 464 1$1001LO11223322$12001 $aInterventi di biotecnologie vegetali per la difesa e la valorizzazione dell'ambiente agricolo$fLuigi Monti$1700 1$aMonti$b, Luigi$3LO1V352075$4070 464 1$1001LO11223323$12001 $aResponsabilità verso le generazioni future$fUlderico Pomarici$1700 1$aPomarici$b, Ulderico$3CFIV084851$4070 464 1$1001LO11223324$12001 $aBiotecnologie e paesi in via di sviluppo$fFrancesco Francioni$1700 1$aFrancioni$b, Francesco$3CFIV048784$4070 464 1$1001LO11223325$12001 $aBiotecnologie, principi di diritto comunitario e giurisprudenza della Corte di giustizia$fBruno Nascimbene$1700 1$aNascimbene$b, Bruno$3CFIV024821$4070 464 1$1001LO11223326$12001 $aBiotecnologie, contenzioso comunitario e norme italiane$fFrancesco RossiDal Pozzo$1700 1$aRossi Dal Pozzo$b, Francesco$3TO0V557557$4070 464 1$1001LO11223327$12001 $aBiotecnologie e valutazione dei rischi$equestioni di metodo e di merito$fGiovanni Cocco$1700 1$aCocco$b, Giovanni$f <1957- >$3CFIV225224$4070 464 1$1001LO11223328$12001 $aA chi servono i prodotti agricoli geneticamente modificati?$fStefano Nespor$1700 1$aNespor$b, Stefano$3CFIV110860$4070 464 1$1001LO11223329$12001 $aˆIl ‰principio di precauzione nella giurisprudenza costituzionale$fStefanoGrassi, Anna Gragnani$1701 1$aGragnani$b, Anna$3RMSV582076$4070$1700 1$aGrassi$b, Stefano$f <1945- >$3TSAV616194$4070 464 1$1001LO11223330$12001 $aˆLe ‰norme tecniche tra rappresentanza politica e ragionevolezza$fRaffaeleManfrellotti$1700 1$aManfrellotti$b, Raffaele$3BVEV114728$4070 464 1$1001LO11223332$12001 $aLa *brevettabilità delle invenzioni biotecnologiche$fMassimo Miola$1700 1$aMiola$b, Massimo$3CFIV061168$4070 464 1$1001LO11223333$12001 $aBioetica delle biotecnologie e questione ambientale$fMaria Antonietta LaTorre$1700 1$aLa Torre$b, Maria Antonietta$3CFIV094985$4070 464 1$1001LO11223335$12001 $aˆL'‰utilità della ricerca biotecnologica$fLuigi Monti$1700 1$aMonti$b, Luigi$3LO1V352075$4070 464 1$1001LO11223337$12001 $aˆLa ‰bioetica, le biotecnologie e l'opinione pubblica$euna prospettiva in chiave europea$fDemetrio Neri$1700 1$aNeri$b, Demetrio$3CFIV050822$4070 464 1$1001LO11223338$12001 $aTutela ambientale e salute$fRaffaele Prodomo$1700 1$aProdomo$b, Raffaele$3BVEV013675$4070 464 1$1001LO11223339$12001 $aˆLe ‰biotecnologie come problema politico$fAlfonso Pecoraro Scanio$1700 1$aPecoraro Scanio$b, Alfonso$3CFIV184036$4070 606 $aAmbiente$xTutela$xCongressi$x2002$2FIR$3LO1C926832$9I 606 $aAmbiente$xTutela$2FIR$3BVEC008732$9E 676 $a344.046$9LEGISLAZIONE SANITARIA. CONTROLLO DELL'AMBIENTE$v21 676 $a577$9Ecologia$v14 696 $aConvegni$aCongressi e convegni$aTutela giuridica 696 $aTutela giuridica 699 $aCongressi$yConvegni 699 $aCongressi$yCongressi e convegni 699 $aTutela$zTutela giuridica 699 $aTutela$zTutela giuridica 702 1$aChieffi$b, Lorenzo$f <1955- >$3CFIV103462 801 3$aIT$bIT-000000$c20100617 850 $aIT-BN0095 $aIT-NA0641 $aIT-NA0079 901 $bNAP 01$cD $n$ 901 $bNAP BN$cMAGAZZINO $nmagazzini correnti divisi per anni 901 $bNAP 60$cBIBLIOTECA$nComprende materiale librario di vario argomento 901 $bNAP 01$cPOZZO LIB.$nVi sono collocati fondi di economia, periodici di ingegneria e scienze, periodici di economia e statistica e altri fondi comprendenti documenti di economia pervenuti in dono. 912 $aPUV0952809 950 1$aBiblioteca Centralizzata di Ateneo$c1 v.$d 01D (C) 19 916$e 01C 0800199165 VMA 1 v.$fY $h20121128$i20121128$c1 v.$d 01POZZO LIB.ECON MON 1025$e 0101 0000194185E VMA 1 v. (Precedente collocazione: DASES B 1370)$fB $h20090921$i20090921 967 $n16 977 $a 01$a 60$a BN 996 $aBiotecnologie e tutela del valore ambientale$966010 997 $aUNISANNIO